Nghiên cứu quy trình nhân giống hoa cẩm chướng SP1 (Dianthus caryophyllus topaz) : Bằng phương pháp nuôi cấy mô tế bào /

Na minha lista:
Detalhes bibliográficos
Autor principal: Lê Đức Thảo.
Outros Autores: Hoàng Ngọc Thuận., Nguyễn Thị Kim.
Formato: Atigo
Idioma:Vietnamese
Assuntos:
Gen
Tags: Adicionar Tag
Sem tags, seja o primeiro a adicionar uma tag!
Thư viện lưu trữ: Thư viện Trường Đại học Đà Lạt
LEADER 00991nam a2200289 4500
001 DLU090084008
005 ##20091030
040 # # |a DLU  |b vie 
041 # # |a vie 
044 # # |a vn 
100 # # |a Lê Đức Thảo.  
245 # # |a Nghiên cứu quy trình nhân giống hoa cẩm chướng SP1 (Dianthus caryophyllus topaz) :  |b Bằng phương pháp nuôi cấy mô tế bào /  |c Lê Đức Thảo, Hoàng Ngọc Thuận, Nguyễn Thị Kim. 
653 # # |a Di truyền học tế bào 
653 # # |a Gen 
653 # # |a Nhân giống nhân tạo 
700 # # |a Hoàng Ngọc Thuận. 
700 # # |a Nguyễn Thị Kim. 
773 # # |t Nông nghiệp và phát triển nông thôn  |g Số 1(118), 2008, tr. 26-31 
920 # # |a Phòng Tạp chí -- Trung tâm Thông tin - Thư viện Trường Đại học Đà Lạt 
994 # # |a DLU 
900 # # |a True 
911 # # |a Nguyễn Thị Linh Chi 
925 # # |a G 
926 # # |a A 
927 # # |a BB 
980 # # |a Thư viện Trường Đại học Đà Lạt